Datum a čas kvízu
39
Celkem bodů
Celkový počet nahraných bodů na tomto kvízu bez doplňovacích otázek.
3.
Pořadí na kvízu
Konečné umístění týmu na tomto kvízu.
Zaznamenané odpovědi
| # | Otázka | Odpověď | Body | Výsledky |
|---|---|---|---|---|
| 1. | Minulý týden přijel do České r... | Viktor Orbán | 1 | |
| 2. | Francouzský prezident Emmanuel... | Vodní skútr. | 0 | |
| 3. | Slovenská influencerka Zuzana... | C | 1 | |
| 4. | Minulý čtvrtek byla po ročním... | v Dubaji | 1 | |
| 5. | Osm zápasů a dost. Hokejová ex... | Ve Zlíně. | 1 | |
| 6. | Pojďme se podívat na leváky, k... | B | 1 | |
| 7. | V roce 1956 se v Praze narodil... | Yonex | 1 | |
| 8. | Obyvatelé arktických oblastí U... | Inuité | 1 | |
| 9. | Dabér Jaromír Meduna propůjčil... | Levák Bob | 1 | |
| 10. | Levákem byl i slavný vojevůdce... | Na Korsice. | 1 |